| 000 | 00367nam a2200133Ia 4500 | ||
|---|---|---|---|
| 008 | 240624s9999 xx 000 0 und d | ||
| 041 | _aeng | ||
| 082 | _a658.3 HUT | ||
| 100 | _aHUTCHINGS KATE | ||
| 245 | _aINTERNATIONAL HUMAN RESOURCE MANAGEMENT | ||
| 260 |
_c2007 _aEngland _bAshgate Publishing Limited |
||
| 300 | _axxvi, : 541 : p. : cm. ; 24 | ||
| 365 |
_cBPS _b20 |
||
| 999 |
_c16110 _d16110 |
||